| 000 | 00410nam a2200157Ia 4500 | ||
|---|---|---|---|
| 008 | 251222s2023 xx 000 0 und d | ||
| 020 | _a9780323834612 | ||
| 041 | _aeng | ||
| 082 | _a612 WAU | ||
| 100 | _aWaugh, Anne and Grant Allison | ||
| 245 | _aRoss and Wilson anatomy and physiology in heath and illness | ||
| 250 | _a14th ed | ||
| 260 |
_aIndia _bElsvier _c2023 |
||
| 300 | _a586p | ||
| 650 | _aAnatomy | ||
| 999 |
_c64895 _d64895 |
||